El Derecho de propiedad

Detalles Bibliográficos
Otros Autores: Torres Lana, Jos ̌ℓngel (coord.), Vela Sǹchez, Antonio Još
Formato: Libro
Lenguaje:español
Publicado: Madrid : Dykinson, cop. 2010
Colección:Cuadernos prc̀ticos Bolonia. Derechos reales; 2
Materias:
Acceso en línea:Acceso restringido

MARC

LEADER 00000nam a2200000 a 4500
005 20110912115429.0
008 110301s2010 sp 001 0 spa c
020 |a 9788497728928 
035 |a 5754 
040 |a vLex 
090 |c 2426  |d 2426 
245 0 3 |a El Derecho de propiedad   |h [Recurso electrn̤ico] /  |c Jos ̌ℓngel Torres Lana, coord. ; Antonio J. Vela Sǹchez... [et al.] 
256 |a Servicio en ln̕ea. 
260 |a Madrid :  |b Dykinson,  |c cop. 2010 
300 |a 177 p. ;  |c 22 cm. 
504 |a Bibliografa̕ 
506 1 |a Contenido solo disponible en los productos indicados  |d vLex Global  |d vLex Global (Academic Edition, excluding Law Schools)  |d vLex Global (U.S. Academic Edition, Law Schools)  |d vLex Global (U.S. Academic Edition, excluding Law Schools)  |d vLex Global (Academic Edition, Law Schools) 
650 4 |a Propiedad  |z Espaą 
700 1 |a Torres Lana, Jos ̌ℓngel,  |e coord. 
700 1 |a Vela Sǹchez, Antonio Još 
740 0 |a vLex Libros (Servicio en ln̕ea) 
830 0 |a Cuadernos prc̀ticos Bolonia.  |p Derechos reales;  |v 2 
856 4 0 |u http://vlex.com/source/cuadernos-practicos-bolonia-derechos-reales-derechos-propiedad-5754  |z Acceso restringido 
942 |c BOOK